000 00743nam a2200229 a 4500
003 OSt
005 20240226120218.0
008
020 _a0952907607 (paperback)
040 _cNUST
_aNUST
_beng
_dNUST
_erda
050 _aHF5410 MAR
100 1 _aThe Marketing Institute.
245 1 0 _aThe Irish market :
_ba profile /
_cThe marketing Institute.
260 _aDublin :
_bThe Marketing Institute,
_c1996.
300 _avi, 139 pages :
_cillustrations ;
_c30 cm.
336 _2rdasource
_atext
_btxt
337 _2rdamedium
_aunmediated
_bn
338 _2rdacarrier
_avolume
_bnc
504 _aIncludes bibliographic references
650 1 _aMarketing
942 _cBOOKS
_kHF
_mMAR
_2lcc
_hHF5410
_n0
999 _c158445
_d158445